¿Quién es inocente? : (Registro nro. 4324)

Detalles MARC
000 -LEADER
fixed length control field 00720nam a2200181Ia 4500
003 - CONTROL NUMBER IDENTIFIER
control field OSt
005 - DATE AND TIME OF LATEST TRANSACTION
control field 20200623093637.0
008 - FIXED-LENGTH DATA ELEMENTS--GENERAL INFORMATION
fixed length control field 191128s9999 xx 000 0 und d
040 ## - CATALOGING SOURCE
Original cataloging agency CO-JMCR
Transcribing agency CO-JMCR
041 ## - LANGUAGE CODE
Language code of text/sound track or separate title spa
082 04 - DEWEY DECIMAL CLASSIFICATION NUMBER
Classification number J /
Item number QUI
245 10 - TITLE STATEMENT
Title ¿Quién es inocente? :
Remainder of title juego clásico de adivinanzas a través de preguntas /
300 ## - PHYSICAL DESCRIPTION
Extent 1 juego (2 tableros, 48 cartas con personajes, 48 cartas misteriosas)
500 ## - GENERAL NOTE
General note Recomendado a partir de 5 años.
520 ## - SUMMARY, ETC.
Summary, etc. Es un juego de adivinanzas en donde participan dos jugadores. Cada uno de ellos dispone de un tablero idéntico que contiene 24 caricaturas de personajes identificados por su nombre.
650 ## - SUBJECT ADDED ENTRY--TOPICAL TERM
Topical term or geographic name entry element Juego de mesa
9 (RLIN) 5949
942 ## - ADDED ENTRY ELEMENTS (KOHA)
Source of classification or shelving scheme Dewey Decimal Classification
Koha item type Books
Existencias
Withdrawn status Lost status Source of classification or shelving scheme Damaged status Not for loan Collection code Home library Current library Date acquired Source of acquisition Cost, normal purchase price Total Checkouts Full call number Barcode Date last seen Copy number Koha item type
    Dewey Decimal Classification     Fiction Biblioteca Pública José María del Castillo y Rada Biblioteca Pública José María del Castillo y Rada 11/28/2019 Donación 0.00   J / QUI 201809166 11/28/2019 Ej.1 Books